Návrh algoritmu pre energetický efektívny senzorický bod

Uložené v:
Podrobná bibliografia
Hlavný autor: Džadoň, Tomáš (Autor)
Ďalší autori: Jagelka, Martin (Vedúci práce)
Médium: Rukopis Kniha
Jazyk:Slovak
Vydavateľské údaje: 2019
Predmet:
On-line prístup:http://is.stuba.sk/zp/portal_zp.pl?podrobnosti=144431
Tagy: Pridať tag
Žiadne tagy, Buďte prvý, kto otaguje tento záznam!

MARC

LEADER 00000ntm a22000003a 4500
001 stuzp72150
003 SK-STU
005 20190823095429.3
007 ta
008 150427s2015----xo-----f-mn---000-0-slo-d
040 |a STU  |b slo 
041 0 |a slo 
044 |a xo 
100 1 |a Džadoň, Tomáš  |u 033000  |k Z4  |4 aut  |U FEI Fakulta elektrotechniky a informatiky  |T FEI Ústav elektroniky a fotoniky  |X 74660  |U E030  |Y 549  |7 74660 
242 0 1 |a Design of algorithm for low power sensoric system  |y eng 
245 1 0 |a Návrh algoritmu pre energetický efektívny senzorický bod 
260 |c 2019 
300 |a 65 s.,  |b DVD 
650 4 |a Internet vecí  |2 slo 
650 4 |a Sigfox  |2 slo 
650 4 |a Nucleo  |2 slo 
650 4 |a algoritmus  |2 slo 
650 4 |a Internet of things  |2 eng 
650 4 |a Sigfox  |2 eng 
650 4 |a Nucleo  |2 eng 
650 4 |a algorithm  |2 eng 
700 1 |a Jagelka, Martin  |u 033000  |k Z2  |4 ths  |U FEI Fakulta elektrotechniky a informatiky  |T FEI Ústav elektroniky a fotoniky  |X 8041  |U E030  |Y 549  |7 A000008041 
856 4 |u http://is.stuba.sk/zp/portal_zp.pl?podrobnosti=144431 
996 |b 284EP12322  |c E*DIPL- 12322  |l EE35  |s P  |a 0  |w stuzp72150_0001